000
00247nam a2200109Ia 4500
999
_c
7697
_d
7697
020
_a
978-93-325-5530-3
100
_a
F. S. Hill , JR
245
0
_a
Computer Graphics Using Open GL
260
_a
India
_b
Education
_c
2000
300
_a
922
942
_c
BK